[Event "GRE-ch U14 Girls"]
[Site "Patras"]
[Date "2013.07.09"]
[Round "3.5"]
[White "Lemoni, Maria Ioanna"]
[Black "Vrana, Eirini"]
[Result "1-0"]
[WhiteElo "1472"]
[BlackElo "1324"]
[PlyCount "111"]
[EventDate "2013.07.08"]
[EventType "swiss"]
[EventRounds "9"]
[EventCountry "GRE"]
[SourceTitle "EXT 2024"]
[Source "ChessBase"]
[SourceDate "2023.10.10"]
[SourceVersion "1"]
[SourceVersionDate "2023.10.10"]
[SourceQuality "1"]

1. c4 Nf6 2. Nc3 g6 3. e4 d6 4. g3 Bg7 5. Bg2 0-0 6. Nge2 e5 7. 0-0 Nc6 8. f4 Ne8 9. f5 Bd7 10. d3 Qc8 11. g4 Ne7 12. Bd2 c6 13. Qc1 b6 14. Bh6 f6 15. h4 Rf7 16. Ng3 Qb7 17. g5 Bxh6 18. gxh6 b5 19. Kh2 b4 20. Nce2 Nc7 21. Bh3 Be8 22. Qd2 d5 23. Rg1 Kh8 24. Raf1 dxc4 25. dxc4 c5 26. Nc1 Bc6 27. Qe3 Qb6 28. Nd3 Na6 29. fxg6 Nxg6 30. h5 Ne7 31. Nxe5 Rff8 32. Nd3 Rad8 33. Nf5 Nxf5 34. Bxf5 Qc7+ 35. Kh1 Rg8 36. Nf4 Bd7 37. Nd5 Qd6 38. Bxd7 Rxg1+ 39. Rxg1 Rxd7 40. Qf3 Rf7 41. Qg4 Qf8 42. Nf4 Re7 43. Ne6 Qf7 44. Rd1 Re8 45. Rd6 Rg8 46. Qf5 Nb8 47. Qd5 Qe7 48. Qxc5 Qb7 49. Qf5 Qe7 50. Qd5 a6 51. c5 a5 52. c6 a4 53. c7 a3 54. b3 Rc8 55. Rd8+ Rxd8 56. cxd8Q+ 1-0

[Event "GRE-ch U18 Girls"]
[Site "Chania"]
[Date "2013.01.07"]
[Round "8.7"]
[White "Petraki, Argiro"]
[Black "Vrana, Eirini"]
[Result "0-1"]
[WhiteElo "1219"]
[BlackElo "1359"]
[PlyCount "140"]
[EventDate "2013.01.02"]
[EventType "swiss"]
[EventRounds "9"]
[EventCountry "GRE"]
[SourceTitle "EXT 2024"]
[Source "ChessBase"]
[SourceDate "2023.10.10"]
[SourceVersion "1"]
[SourceVersionDate "2023.10.10"]
[SourceQuality "1"]

1. c4 e5 2. g3 g6 3. Bg2 Bg7 4. Nc3 Nf6 5. Nf3 Nc6 6. 0-0 0-0 7. d3 d6 8. Be3 Be6 9. Rb1 d5 10. cxd5 Bxd5 11. Nxd5 Nxd5 12. Bc5 Re8 13. Qc2 Qf6 14. Nd2 Rad8 15. Ne4 Qe6 16. Rfc1 Bh6 17. e3 f5 18. Nd2 Kh8 19. b4 b5 20. a4 a6 21. Rb2 f4 22. e4 Nf6 23. Ra1 fxg3 24. hxg3 Rd7 25. Nf3 Rf7 26. axb5 axb5 27. Ra6 Qd7 28. Qc3 g5 29. Rxc6 Qxc6 30. Nxe5 Rxe5 31. Qxe5 Kg8 32. Bh3 g4 33. Bf1 Rg7 34. Be7 Bg5 35. Qc5 Qd7 36. Bxf6 Bxf6 37. Ra2 Bd4 38. Ra8+ Kf7 39. Rf8+ Kg6 40. Qf5+ Qxf5 41. Rxf5 c6 42. Be2 h5 43. Kg2 Rh7 44. f4 gxf3+ 45. Bxf3 h4 46. gxh4 Rxh4 47. Kg3 Rh8 48. Kg4 Re8 49. Kf4 Re6 50. Bh5+ Kh6 51. Kg4 Bc3 52. Bf7 Rd6 53. Rf3 Bxb4 54. e5 Rd4+ 55. Kf5 Kg7 56. e6 Be7 57. Ke5 Rd5+ 58. Ke4 b4 59. Rf2 b3 60. Rb2 Rb5 61. Ke3 Ba3 62. Rb1 b2 63. Kd2 Rc5 64. Rg1+ Kf6 65. Rg6+ Ke7 66. d4 Bb4+ 67. Ke3 Rc3+ 68. Kf4 b1Q 69. Rg7 Qc1+ 70. Kg4 Qg1+ 0-1

[Event "GRE-ch U18 Girls"]
[Site "Chania"]
[Date "2013.01.02"]
[Round "1.1"]
[White "Vrana, Eirini"]
[Black "Serefidou, Despina"]
[Result "0-1"]
[WhiteElo "1359"]
[BlackElo "1958"]
[PlyCount "64"]
[EventDate "2013.01.02"]
[EventType "swiss"]
[EventRounds "9"]
[EventCountry "GRE"]
[SourceTitle "EXT 2024"]
[Source "ChessBase"]
[SourceDate "2023.10.10"]
[SourceVersion "1"]
[SourceVersionDate "2023.10.10"]
[SourceQuality "1"]

1. e4 c5 2. Nc3 a6 3. g3 b5 4. Bg2 Bb7 5. d3 e6 6. f4 d5 7. Nf3 b4 8. Ne2 dxe4 9. dxe4 Qxd1+ 10. Kxd1 Bxe4 11. Be3 Nf6 12. Rg1 Nbd7 13. Nd2 Bxg2 14. Rxg2 Nb6 15. Kc1 Nfd5 16. Bf2 Be7 17. h3 0-0 18. Ne4 Rac8 19. g4 Nc4 20. h4 Rfd8 21. f5 Nde3 22. Rg1 exf5 23. gxf5 Nxf5 24. h5 Nd4 25. Nxd4 cxd4 26. Rd1 f5 27. Ng3 Bg5+ 28. Kb1 Nd2+ 29. Kc1 Ne4+ 30. Kb1 Nxf2 31. Rf1 d3 32. Rxf2 dxc2+ 0-1

[Event "GRE-ch U18 Girls"]
[Site "Nikaia"]
[Date "2012.01.04"]
[Round "2"]
[White "Vrana, Eirini"]
[Black "Pramateftaki, Aspasia"]
[Result "1-0"]
[WhiteElo "1185"]
[BlackElo "1363"]
[PlyCount "69"]
[EventDate "2012.01.03"]
[EventType "swiss"]
[EventRounds "9"]
[EventCountry "GRE"]
[SourceTitle "CBM 146 Extra"]
[Source "ChessBase"]
[SourceDate "2012.02.29"]
[SourceVersion "1"]
[SourceVersionDate "2012.02.29"]
[SourceQuality "1"]

1. e4 c5 2. Nc3 a6 3. g3 g6 4. Bg2 Nc6 5. f4 d6 6. Nf3 Bg7 7. 0-0 Bg4 8. d3 Nf6 9. Be3 0-0 10. Rb1 b5 11. d4 cxd4 12. Bxd4 b4 13. Bxf6 Bxf6 14. Nd5 Bg7 15. c3 bxc3 16. bxc3 e6 17. Ne3 Bxf3 18. Qxf3 Bxc3 19. Rfc1 Nd4 20. Qd1 Rc8 21. Rxc3 Rxc3 22. Qxd4 Qc7 23. Ng4 e5 24. fxe5 Qc5 25. Qxc5 dxc5 26. Rb7 Rc1+ 27. Kf2 Ra1 28. Rc7 Rxa2+ 29. Kg1 Rc2 30. Nf6+ Kg7 31. g4 c4 32. g5 c3 33. e6 Rd8 34. Rxf7+ Kh8 35. Rxh7# 1-0

[Event "GRE-ch U18 Girls"]
[Site "Nikaia"]
[Date "2012.01.03"]
[Round "1"]
[White "Kokossis, Danae"]
[Black "Vrana, Eirini"]
[Result "1-0"]
[WhiteElo "1725"]
[BlackElo "1185"]
[PlyCount "77"]
[EventDate "2012.01.03"]
[EventType "swiss"]
[EventRounds "9"]
[EventCountry "GRE"]
[SourceTitle "CBM 146 Extra"]
[Source "ChessBase"]
[SourceDate "2012.02.29"]
[SourceVersion "1"]
[SourceVersionDate "2012.02.29"]
[SourceQuality "1"]

1. e4 e5 2. Nf3 Nc6 3. Bc4 Nf6 4. Ng5 d5 5. exd5 Nxd5 6. Nxf7 Kxf7 7. Qf3+ Ke8 8. Bxd5 Qf6 9. Bxc6+ Qxc6 10. Qxc6+ bxc6 11. 0-0 Bc5 12. Re1 Bd6 13. d4 Bf5 14. c4 Kd8 15. dxe5 Bc5 16. Be3 Bxe3 17. Rxe3 Rb8 18. b3 a5 19. Nc3 Kc8 20. e6 Re8 21. Rae1 Kb7 22. Re5 Bg6 23. Rxa5 Rbd8 24. Rae5 Rd2 25. f4 Bd3 26. Ne4 Bxe4 27. R1xe4 Rxa2 28. e7 Rb2 29. Rf5 Rxb3 30. Rf8 Rxe7 31. Rxe7 Rc3 32. Rff7 Rxc4 33. Rxc7+ Kb8 34. Rxg7 Rxf4 35. Rxc6 h5 36. Rh6 Rf8 37. Rxh5 Kc8 38. Ra5 Kd8 39. Ra8# 1-0

[Event "Chania-ch U18 Girls"]
[Site "Chania"]
[Date "2008.12.14"]
[Round "4"]
[White "Markaki, Sofia"]
[Black "Vrana, Eirini"]
[Result "1-0"]
[WhiteElo "1728"]
[BlackElo "1015"]
[PlyCount "31"]
[EventDate "2008.12.06"]
[EventType "swiss"]
[EventRounds "7"]
[EventCountry "GRE"]
[SourceTitle "EXT 2024"]
[Source "ChessBase"]
[SourceDate "2023.10.10"]
[SourceVersion "1"]
[SourceVersionDate "2023.10.10"]
[SourceQuality "1"]

1. e4 e5 2. Nf3 Nc6 3. d4 f6 4. Bc4 Bd6 5. Nc3 Bb4 6. 0-0 d6 7. Nd5 Be6 8. c3 Ba5 9. Nxc7+ Bxc7 10. Bxe6 Nge7 11. d5 Nb8 12. Nh4 Ng6 13. Qh5 Nd7 14. Nxg6 hxg6 15. Qxg6+ Kf8 16. Qf7# 1-0

[Event "Chania-ch U18 Girls"]
[Site "Chania"]
[Date "2008.12.13"]
[Round "3"]
[White "Vrana, Eirini"]
[Black "Petraki, Evaggelia"]
[Result "0-1"]
[WhiteElo "1015"]
[BlackElo "1005"]
[PlyCount "26"]
[EventDate "2008.12.06"]
[EventType "swiss"]
[EventRounds "7"]
[EventCountry "GRE"]
[SourceTitle "EXT 2024"]
[Source "ChessBase"]
[SourceDate "2023.10.10"]
[SourceVersion "1"]
[SourceVersionDate "2023.10.10"]
[SourceQuality "1"]

1. e4 e5 2. Nf3 Nc6 3. Nc3 Nf6 4. Bc4 Bb4 5. a3 Bxc3 6. dxc3 Nxe4 7. Qd5 Nd6 8. Nxe5 Qe7 9. Bf4 Nxc4 10. Qxc4 Nxe5 11. Bxe5 Qxe5+ 12. Kd1 0-0 13. Re1 Qxh2 0-1